000
00338 a2200133 4500
000
BKB
001
146253
005
20200902155450.0
008
100
1
_a
Pandey, I.M.
245
1
_a
Financial management
_c
by I. M. Pandey
250
_a
10th ed.
260
_a
_b
Vikas Publishing
_c
2010
999
_c
12451
_d
12451